Top 10 Subdivisions with the Highest HDI - Statistics

General Stats
  • This quiz has been taken 91 times
    35 since last reset
  • The average score is 8 of 10
Answer Stats
Country Region HDI % Correct
Germany Berlin 0.977
100%
Norway Oslo 0.982
100%
Switzerland Geneva 0.976
96%
Sweden Stockholm 0.976
96%
Switzerland Zürich 0.993
96%
Germany Hamburg 0.977
92%
Czechia Prague 0.975
92%
Australia Western Australia 0.973
88%
Australia Australian Capital Territory 0.988
63%
Norway Vestland 0.974
13%
No matching quizzes found
Score Distribution
Percent of People with Each Score
Percentile by Number Answered
Your Score History
You have not taken this quiz since the last reset